000 01044nam a22001937a 4500
999 _c59146
_d59146
003 Ge_BSU
005 20221130125626.0
008 221130s1979ge xxu||||| |||| 00| 0 geo d
041 _ageo
080 _a821.521-32 ე-66
100 _aენდო სიუსაკუ, ავტ.
_916245
245 _aზღვა და საწამლავი /
_cნდო სიუსაკუ ; [იაპონელი მწერლის მოთხრობები თარგმნა: ს. ქეთელაურმა და ლ. მჭედლიშვილმა].
264 _aთბილისი :
_bსაბჭ. საქართველო,
_c1979.
300 _a402 გვ. ;
_b19 სმ.
653 _aოჯახი და სიყვარული. ქალი, რომელიც მივატოვე.
700 _aქეთელაური, ს
_eმთარგმნელი
_916246
700 _aმჭედლიშვილი, ლ
_eმთარგმნელი
_915069
942 _2udc
_cBK